Normal view
MARC view
Entry Topical Term
001 - CONTROL NUMBER
- control field: 62133
003 - CONTROL NUMBER IDENTIFIER
- control field: OSt
005 - DATE AND TIME OF LATEST TRANSACTION
- control field: 20160603150852.0
008 - FIXED-LENGTH DATA ELEMENTS
- fixed length control field: 160603|| aca||aabn | a|a d
040 ## - CATALOGING SOURCE
- Original cataloging agency: OSt
- Transcribing agency: OSt
150 ## - HEADING--TOPICAL TERM
- Topical term or geographic name entry element: Biography
670 ## - SOURCE DATA FOUND
- Source citation: Work cat.: (OSt)11596: मिश्र, राजशेखर 47993, इंडियन क्रिकेट का पावर हाउस , 2007









